LEADER 01010nam0-22003371i-450- 001 990002055070403321 005 20021010 035 $a000205507 035 $aFED01000205507 035 $a(Aleph)000205507FED01 035 $a000205507 100 $a20021010d--------km-y0itay50------ba 101 0 $aita 200 1 $aContro le malattie e gli insetti delle piante agrarie$ericette e formulari$fE. Ottavi e A. Marescalchi 210 $aCasale$cBiblioteca Agraria Ottavi$d1909 215 $a125 p.$d18 cm 610 0 $aFitopatologia 610 0 $aEntomologia Agraria 610 0 $aInfestazioni 610 0 $aMalattie delle Piante 676 $a595.7$a632$a581.22 700 1$aOttavi,$bE.$0360900 702 1$aMarescalchi,$bA. 801 0$aIT$bUNINA$gRICA$2UNIMARC 901 $aBK 912 $a990002055070403321 952 $a61 VIII A.7/15$b2069 (30/06/1950)$fDAGEN 959 $aDAGEN 996 $aContro le malattie e gli insetti delle piante agrarie$9406329 997 $aUNINA DB $aING01 LEADER 01327nam0-2200397---450 001 990005641610203316 005 20201125160314.0 035 $a000564161 035 $aUSA01000564161 035 $a(ALEPH)000564161USA01 035 $a000564161 100 $a20040420d1968----|||y0itaa50------ba 101 $afre 102 $afr 105 $a0 00||| 200 1 $aIntroduction à la lecture de Hegel$eleçons sur la Phénoménologie de l'Esprit professées de 1933 à 1939 à l'Ecole des Hautes Etudes$fAlexandre Kojève ;réunies et publiées par Raymond Queneau 210 $aParis$cGallimard$d1968 215 $a597 p.$d21 cm 225 2 $aTEL$eCollection$v45 300 $aRipr. dell'ed. gia pubblicata nel 1947. 410 0$12001$aTEL$v45 606 $aHegel, Georg Wilhelm Friedrich. Phanomenologie des Geistes.$2F 620 $dPARIS 676 $a193 700 1$aKOJEVE,$bAlexandre$0385816 702 1$aQUENEAU,$bRaymond 801 0$aIT$bSA$c20111219 912 $a990005641610203316 950 0$aDipar.to di Filosofia - Salerno$dDFFDC KOJ$e5066 FIL 951 $aXV.18.A. 707 (FDC KOJ)$b5066 FIL$cXV.18$d445999 959 $aBK 969 $aFDECI 979 $c20121027$lUSA01$h1525 979 $c20121027$lUSA01$h1614 996 $aIntroduction à la lecture de Hegel$938159 997 $aUNISA